[Event "Volga 2012"]
[Site "?"]
[Date "2013.01.03"]
[Round "1.1"]
[White "Golubchikov, Alexey."]
[Black "Ulanov, Alexander."]
[Result "0-1"]
[WhiteElo "1793"]
[BlackElo "2393"]
[PlyCount "64"]
[EventDate "2013.??.??"]

1. e4 c6 2. d4 d5 3. e5 c5 4. dxc5 Nc6 5. f4 e6 6. Be3 d4 7. Bf2 Bxc5 8. Nd2
Be7 9. Ngf3 Nh6 10. Bd3 Ng4 11. h3 g5 12. g3 gxf4 13. gxf4 Nxf2 14. Kxf2 b6 15.
Rg1 Bb7 16. Rg7 Qc7 17. Qg1 O-O-O 18. Ke2 Bf8 19. Rxh7 Rxh7 20. Bxh7 f6 21. Qg8
fxe5 22. Qxe6+ Kb8 23. Bd3 Bc8 24. Qc4 Qd6 25. Re1 Be6 26. Qa6 Bh6 27. fxe5
Nxe5 28. Nxe5 Qxe5+ 29. Kd1 Bg4+ 30. Be2 d3 31. Bf3 dxc2+ 32. Kxc2 Rxd2+ 0-1

[Event "Volga 2012"]
[Site "?"]
[Date "2013.01.03"]
[Round "1.2"]
[White "Triapkin, Pavel."]
[Black "Dobrocmyslov, Artem."]
[Result "0-1"]
[WhiteElo "2305"]
[BlackElo "1793"]
[PlyCount "70"]
[EventDate "2013.??.??"]

1. e4 e6 2. d4 d5 3. Nc3 Nf6 4. e5 Nfd7 5. f4 c5 6. Nf3 Nc6 7. Bd3 Be7 8. O-O
O-O 9. Kh1 cxd4 10. Nb5 Nc5 11. Nbxd4 Nxd3 12. Qxd3 Qb6 13. c3 Bd7 14. Be3 Bc5
15. Nc2 Rac8 16. Bxc5 Qxc5 17. Ne3 h6 18. g4 Rfd8 19. g5 d4 20. b4 Qxc3 21.
Qxc3 dxc3 22. gxh6 Nxb4 23. Nd4 Ba4 24. Nb3 Nxa2 25. Rxa2 Bxb3 26. Rg2 c2 27.
Rxg7+ Kh8 28. Rc1 Rd1+ 29. Nxd1 cxd1=Q+ 30. Rxd1 Bxd1 31. Rxf7 Bf3+ 32. Kg1 Bd5
33. Kf2 a5 34. Rd7 a4 35. f5 a3 0-1

[Event "Volga 2012"]
[Site "?"]
[Date "2013.01.03"]
[Round "1.3"]
[White "Nikitin, Dmitry."]
[Black "Mirzaev, Aziz."]
[Result "0-1"]
[WhiteElo "1783"]
[BlackElo "2164"]
[PlyCount "92"]
[EventDate "2013.??.??"]

1. e4 c5 2. Nc3 Nc6 3. g3 g6 4. Bg2 Bg7 5. d3 d6 6. f4 e6 7. Nf3 Nge7 8. O-O
O-O 9. Qe2 Rb8 10. Re1 b5 11. e5 dxe5 12. fxe5 b4 13. Ne4 Nxe5 14. Nxe5 Bxe5
15. Nxc5 Bd4+ 16. Be3 Rb5 17. Ne4 Nf5 18. Bxd4 Qxd4+ 19. Qf2 Qxf2+ 20. Kxf2 Nd4
21. Rac1 Ra5 22. c3 bxc3 23. Nxc3 Ba6 24. Red1 Rb8 25. Rd2 Kg7 26. g4 h5 27. h3
hxg4 28. hxg4 Rh8 29. b4 Rg5 30. Kg3 f5 31. Bh3 f4+ 32. Kg2 Rc8 33. Ne4 Rxc1
34. Nxg5 Bb7+ 35. Kf2 Kf6 36. Ne4+ Bxe4 37. dxe4 Ke5 38. Bg2 g5 39. Rb2 Rc3 40.
b5 f3 41. Bf1 Kxe4 42. a4 Ra3 43. Rb4 Ra2+ 44. Kg3 Ke3 45. Rc4 Ne2+ 46. Kh3 Kf2
0-1

[Event "Volga 2012"]
[Site "?"]
[Date "2013.01.03"]
[Round "1.4"]
[White "Olisov, Andrey."]
[Black "Drozhdin, Vladimir."]
[Result "1-0"]
[WhiteElo "2158"]
[BlackElo "1737"]
[PlyCount "83"]
[EventDate "2013.??.??"]

1. e4 c5 2. c3 d5 3. exd5 Qxd5 4. d4 e6 5. Nf3 Nc6 6. Na3 a6 7. Nc4 Qd8 8. Be2
Nf6 9. O-O Be7 10. dxc5 Qxd1 11. Rxd1 Bxc5 12. b4 Ba7 13. Nd6+ Ke7 14. a4 Nd5
15. Nf5+ exf5 16. Rxd5 Be6 17. Rd1 f6 18. Ba3 Kf7 19. c4 Rhd8 20. Rdc1 g5 21.
c5 Nd4 22. Nxd4 Rxd4 23. Bf3 Bd5 24. Bb2 Rd3 25. Rd1 Be4 26. Rxd3 Bxd3 27. Bxb7
Rb8 28. c6 Bb6 29. a5 Bc7 30. Bd4 Re8 31. Bb6 Re7 32. Rd1 Bb5 33. h3 Ke8 34. g3
h5 35. Kg2 g4 36. hxg4 hxg4 37. Rh1 Re6 38. Bxc7 Be2 39. Re1 Bf3+ 40. Kf1 Bg2+
41. Kxg2 Rxe1 42. Bf4 1-0

[Event "Volga 2012"]
[Site "?"]
[Date "2013.01.03"]
[Round "1.5"]
[White "Abdurahmanov, Afer."]
[Black "Samborskiy, Vadim."]
[Result "0-1"]
[WhiteElo "1697"]
[BlackElo "2110"]
[PlyCount "65"]
[EventDate "2013.??.??"]

1. g3 d5 2. Bg2 e5 3. c4 dxc4 4. Qa4+ c6 5. Qxc4 Be6 6. Qc2 Bd5 7. e4 Be6 8.
Nf3 Bd6 9. d3 h6 10. Be3 Nf6 11. Nbd2 Na6 12. O-O Ng4 13. Nc4 Nxe3 14. fxe3 O-O
15. Nfxe5 Bxe5 16. Nxe5 Qg5 17. d4 Qxe3+ 18. Qf2 Qxf2+ 19. Rxf2 Rad8 20. Rd1
Bxa2 21. b3 Bxb3 22. Rb1 Ba4 23. Rxb7 f6 24. Ng6 Rf7 25. Ne7+ Kf8 26. Ng6+ Ke8
27. Rxf7 Kxf7 28. Ne5+ Ke7 29. Nf3 Nb4 30. e5 fxe5 31. dxe5 Bb5 32. h4 a6 33.
h5 0-1

[Event "Volga 2012"]
[Site "?"]
[Date "2013.01.03"]
[Round "1.6"]
[White "Saveliev, Dmitry."]
[Black "Liadov, Anton."]
[Result "1-0"]
[WhiteElo "2109"]
[BlackElo "1655"]
[PlyCount "63"]
[EventDate "2013.??.??"]

1. e4 e6 2. d4 d5 3. Nc3 Nf6 4. Bg5 Be7 5. e5 Nfd7 6. h4 h6 7. Bxe7 Qxe7 8. Qg4
f5 9. exf6 Nxf6 10. Qg6+ Qf7 11. Qxf7+ Kxf7 12. Nf3 Nc6 13. Bb5 Nb4 14. Ne5+
Kg8 15. O-O-O a6 16. Be2 Bd7 17. g4 Nc6 18. Ng6 Rh7 19. f3 Kf7 20. Bd3 Ke8 21.
a3 Nxd4 22. Ne5 Rh8 23. Bg6+ Ke7 24. Rxd4 c5 25. Rdd1 d4 26. Ne4 Nxe4 27. Bxe4
Be8 28. Bxb7 Ra7 29. Be4 Rc7 30. Nc4 Rf8 31. b3 Bb5 32. Kd2 1-0

[Event "Volga 2012"]
[Site "?"]
[Date "2013.01.03"]
[Round "1.7"]
[White "Agapchev, Andrey."]
[Black "Beldyugin, Alexey."]
[Result "0-1"]
[WhiteElo "1648"]
[BlackElo "2063"]
[PlyCount "60"]
[EventDate "2013.??.??"]

1. d4 d6 2. Nf3 Nc6 3. Bf4 Bg4 4. e3 e5 5. dxe5 Bxf3 6. Qxf3 dxe5 7. Bg3 Qf6 8.
Bb5 Qxf3 9. gxf3 Bd6 10. Nc3 f5 11. h3 Nge7 12. O-O-O a6 13. Bc4 Rf8 14. Rhf1
b5 15. Bb3 Na5 16. Nd5 Nxb3+ 17. cxb3 Ng6 18. Kb1 O-O-O 19. Rd2 f4 20. Bh2 Nh4
21. Rc2 Nxf3 22. Bg1 Rf5 23. Rfc1 Rg5 24. Nxc7 Kb7 25. exf4 exf4 26. Nxa6 Rxg1
27. Rc3 Nd2+ 28. Kc2 Rxc1+ 29. Kxc1 Ne4 30. Rd3 Nxf2 0-1

[Event "Volga 2012"]
[Site "?"]
[Date "2013.01.03"]
[Round "1.8"]
[White "Nikonova, Irina."]
[Black "Pegov, Valery."]
[Result "1-0"]
[WhiteElo "1982"]
[BlackElo "1630"]
[PlyCount "56"]
[EventDate "2013.??.??"]

1. d4 g6 2. c4 Bg7 3. Nc3 d6 4. e4 Nf6 5. f3 a6 6. Be3 Nc6 7. Qd2 Bd7 8. g4 e5
9. Nge2 Qb8 10. d5 Na7 11. h4 b5 12. c5 b4 13. Nd1 dxc5 14. Bxc5 Bf8 15. Bxf8
Kxf8 16. Qg5 Kg7 17. Qxe5 Re8 18. Qd4 c5 19. Qxc5 Bxg4 20. fxg4 Rxe4 21. Nf2
Qe5 22. Nxe4 Qxe4 23. Rh3 Qxg4 24. Qd4 Qf5 25. Bg2 Nb5 26. Qe3 Qc8 27. Rc1 Qd7
28. d6 Rd8 1-0

[Event "Volga 2012"]
[Site "?"]
[Date "2013.01.03"]
[Round "1.9"]
[White "Logunova, Elizaveta."]
[Black "Parshakov, Vladimir."]
[Result "0-1"]
[WhiteElo "1618"]
[BlackElo "1946"]
[PlyCount "70"]
[EventDate "2013.??.??"]

1. d4 Nf6 2. Nf3 e6 3. Bf4 c5 4. c3 Nc6 5. e3 b6 6. Be2 Bb7 7. Nbd2 Be7 8. O-O
O-O 9. Qb3 Nh5 10. Bg3 Nxg3 11. hxg3 d5 12. dxc5 Bxc5 13. Nd4 Ne7 14. N2f3 Ng6
15. Rfd1 Qe7 16. Bb5 Rac8 17. Rac1 Rc7 18. Bf1 a6 19. c4 Rfc8 20. cxd5 Bxd5 21.
Qd3 b5 22. Nb3 Bb6 23. Rxc7 Rxc7 24. e4 Bb7 25. Qd8+ Qf8 26. Qxf8+ Kxf8 27. Rd6
Ba7 28. Nfd2 Ke7 29. Rd3 Ne5 30. Rc3 Rxc3 31. bxc3 Ng4 32. Nd4 b4 33. Ne2 Bxf2+
34. Kh1 Be1 35. Nb1 Bxe4 0-1

[Event "Volga 2012"]
[Site "?"]
[Date "2013.01.03"]
[Round "1.10"]
[White "Kolosov, Anatoly."]
[Black "Breskanu, Nikita."]
[Result "1/2-1/2"]
[WhiteElo "1912"]
[BlackElo "1442"]
[PlyCount "47"]
[EventDate "2013.??.??"]

1. e4 c6 2. d4 d5 3. exd5 cxd5 4. Nf3 Bg4 5. Be2 Nc6 6. O-O Nf6 7. c3 e6 8. Ne5
Bxe2 9. Qxe2 Nxe5 10. dxe5 Nd7 11. Nd2 Be7 12. f4 O-O 13. Nf3 Qc7 14. Be3 Rfb8
15. Nd4 a6 16. Rac1 b5 17. f5 exf5 18. Bf4 Re8 19. e6 Bd6 20. exf7+ Kxf7 21.
Qh5+ Kg8 22. Qxf5 Nf6 23. h4 Bxf4 24. Rxf4 1/2-1/2

[Event "Volga 2012"]
[Site "?"]
[Date "2013.01.03"]
[Round "2.1"]
[White "Ulanov, Alexander."]
[Black "Sounov, Batyr."]
[Result "1-0"]
[WhiteElo "2393"]
[BlackElo "1886"]
[PlyCount "91"]
[EventDate "2013.??.??"]

1. d4 d5 2. Nf3 c5 3. c4 cxd4 4. cxd5 Nf6 5. Nxd4 Nxd5 6. e4 Nc7 7. Bc4 e5 8.
Nb5 Qxd1+ 9. Kxd1 Nxb5 10. Bxb5+ Bd7 11. Bxd7+ Nxd7 12. Nc3 O-O-O 13. Ke2 Bc5
14. Bd2 Kb8 15. Rac1 Bd4 16. Nb5 Nb6 17. Rc2 f6 18. Bb4 a6 19. Nxd4 Rxd4 20.
Bc5 Rc4 21. Rhc1 Rxc2+ 22. Rxc2 Nc8 23. g3 b6 24. Ba3 Re8 25. Ke3 Kb7 26. f4
Na7 27. fxe5 fxe5 28. Rf2 Rc8 29. Bd6 Nb5 30. Bxe5 Re8 31. Rf7+ Kc6 32. Bxg7
Rxe4+ 33. Kxe4 Nd6+ 34. Kf4 Nxf7 35. g4 Kd6 36. h4 Ke6 37. g5 Nd8 38. Bd4 b5
39. h5 Nc6 40. g6 hxg6 41. h6 g5+ 42. Kxg5 Nd8 43. Kg6 Nf7 44. h7 a5 45. b4
axb4 46. Bf6 1-0

[Event "Volga 2012"]
[Site "?"]
[Date "2013.01.03"]
[Round "2.2"]
[White "Mirzaev, Aziz."]
[Black "Lukianov, Alexander."]
[Result "1-0"]
[WhiteElo "2164"]
[BlackElo "1874"]
[PlyCount "55"]

1. Nf3 Nf6 2. c4 e6 3. Nc3 b6 4. e4 Bb7 5. Bd3 c5 6. O-O Nc6 7. e5 Ng8 8. Re1
d6 9. Be4 Na5 10. Bxb7 Nxb7 11. Qa4+ Qd7 12. Nb5 Kd8 13. d4 f6 14. exf6 gxf6
15. Be3 Nh6 16. dxc5 bxc5 17. Qa6 Nf5 18. Rad1 Ke8 19. b4 Nxe3 20. Rxe3 cxb4
21. Rxe6+ Kf7 22. Re3 Nc5 23. Qa5 a6 24. Nc7 Ra7 25. Qxc5 Qxc7 26. Qd5+ Kg7 27.
Nd4 Qf7 28. Rg3+ 1-0

[Event "Volga 2012"]
[Site "?"]
[Date "2013.01.03"]
[Round "2.3"]
[White "Parshakov, Vladimir."]
[Black "Olisov, Andrey."]
[Result "0-1"]
[WhiteElo "1946"]
[BlackElo "2158"]
[PlyCount "72"]

1. e4 e6 2. d4 d5 3. e5 c5 4. c3 Qb6 5. Nf3 Nc6 6. Be2 cxd4 7. cxd4 Nh6 8. Bxh6
Qxb2 9. Nbd2 gxh6 10. O-O Nxd4 11. Rb1 Nxf3+ 12. Nxf3 Qa3 13. Bb5+ Kd8 14. Qc2
a6 15. Ba4 Qc5 16. Qd2 b5 17. Rfc1 Qb6 18. Qf4 Ke8 19. Qf6 Rg8 20. Bc2 Bd7 21.
Bxh7 Rg4 22. Qh8 a5 23. Bd3 b4 24. g3 a4 25. Kg2 Rb8 26. h3 Rg7 27. Nh2 Qd4 28.
Ng4 Rxg4 29. hxg4 Qxd3 30. Rb2 b3 31. Qf6 a3 32. Rxb3 Rxb3 33. axb3 Qxb3 34.
Rc7 Qb6 35. Rc2 Bc6 36. Qf3 Be7 0-1

[Event "Volga 2012"]
[Site "?"]
[Date "2013.01.03"]
[Round "2.4"]
[White "Samborskiy, Vadim."]
[Black "Tsai, Roman."]
[Result "1-0"]
[WhiteElo "2110"]
[BlackElo "1822"]
[PlyCount "43"]
[TimeControl "120+1"]

{168MB, fritz9.ctg, E39440001E4846E} 1. d4 e6 2. c4 f5 3. Nc3 c6 4. Nf3 Nf6 5.
Qc2 d5 6. c5 Nbd7 7. b4 Ne4 8. a4 Be7 9. Bf4 Ndf6 10. h3 O-O 11. e3 Nh5 12. Be5
Bf6 13. Be2 a6 14. g4 Bh4 15. Nxe4 fxe4 16. Nxh4 Qxh4 17. gxh5 Qxf2+ 18. Kd2
Rf5 19. Rhg1 Rxe5 20. dxe5 d4 21. Qxe4 dxe3+ 22. Qxe3 1-0

[Event "Volga 2012"]
[Site "?"]
[Date "2013.01.03"]
[Round "2.5"]
[White "Seyfutdinov, Rustam."]
[Black "Saveliev, Dmitry."]
[Result "0-1"]
[WhiteElo "1893"]
[BlackElo "2109"]
[PlyCount "58"]

1. d4 d5 2. Nf3 Nf6 3. Bf4 e6 4. h3 Bd6 5. Bxd6 Qxd6 6. c3 Nbd7 7. e3 Ne4 8.
Nbd2 f5 9. Be2 O-O 10. O-O b6 11. Ne1 Bb7 12. Nd3 c5 13. Nf3 Ba6 14. Nde5 Bxe2
15. Qxe2 c4 16. Nxd7 Qxd7 17. Ne5 Qd6 18. Rfe1 b5 19. f3 Nf6 20. g4 fxg4 21.
hxg4 Nd7 22. Nxd7 Qxd7 23. e4 Rf4 24. e5 Raf8 25. Rf1 Qf7 26. Kg2 h5 27. gxh5
Qxh5 28. Rf2 Qg5+ 29. Kf1 Qg3 0-1

[Event "Volga 2012"]
[Site "?"]
[Date "2013.01.03"]
[Round "2.7"]
[White "Mironov, Vitalij."]
[Black "Nikonova, Irina."]
[Result "1-0"]
[WhiteElo "1883"]
[BlackElo "1982"]
[PlyCount "143"]

1. d4 d6 2. Nf3 Bg4 3. c4 Nf6 4. Nc3 c6 5. e4 e6 6. Be2 Be7 7. O-O O-O 8. Be3
d5 9. cxd5 exd5 10. e5 Ne8 11. Ne1 Bxe2 12. Qxe2 Na6 13. Rd1 f6 14. f4 Bb4 15.
Nd3 Qe7 16. Nxb4 Qxb4 17. Rf3 f5 18. h4 Nac7 19. Rh3 Qe7 20. h5 Ne6 21. Rf1 c5
22. Qf2 Rd8 23. Rd1 c4 24. Qf3 N8c7 25. g4 b5 26. Ne2 fxg4 27. Qxg4 Qf7 28. Rf1
Qf5 29. Qxf5 Rxf5 30. Ng3 Rdf8 31. Nxf5 Rxf5 32. Kg2 Kf7 33. Kg3 Ng5 34. Kg4
Ke6 35. Rhh1 Ne4 36. Ra1 Na6 37. a4 b4 38. Rhg1 b3 39. Kh4 Kf7 40. Kg4 Ke6 41.
Rac1 Rf7 42. Rgf1 g6 43. hxg6 hxg6 44. Rh1 Rg7 45. Rh6 Kf7 46. Rf1 Nb4 47. e6+
Ke7 48. Bf2 Nxf2+ 49. Rxf2 Nd3 50. Rd2 Rg8 51. Rh7+ Kxe6 52. Re2+ Kd6 53. Rhe7
Nf2+ 54. Kf3 Ne4 55. Rxa7 g5 56. Rh2 g4+ 57. Ke3 Re8 58. Rh6+ Nf6+ 59. Kf2 Rf8
60. a5 Ke6 61. Rb7 Kf5 62. a6 Ne4+ 63. Kg2 c3 64. bxc3 Nd2 65. a7 Re8 66. Rh5+
Kg6 67. Re5 Ra8 68. Re6+ Kf5 69. Ra6 Nc4 70. Rxb3 Re8 71. a8=Q Re2+ 72. Kf1 1-0

[Event "Volga 2012"]
[Site "?"]
[Date "2013.01.03"]
[Round "2.8"]
[White "Dobrocmyslov, Artem."]
[Black "Kolosov, Anatoly."]
[Result "1-0"]
[WhiteElo "1793"]
[BlackElo "1912"]
[PlyCount "61"]

1. e4 Nf6 2. e5 Nd5 3. d4 d6 4. c4 Nb6 5. f4 dxe5 6. fxe5 Nc6 7. Be3 Bf5 8. a3
e6 9. Nf3 Be7 10. Be2 O-O 11. O-O f6 12. exf6 Bxf6 13. Nc3 Qe7 14. Bd3 Rad8 15.
Bxf5 exf5 16. Qe2 Na5 17. Nd2 Rfe8 18. Rae1 Bg5 19. Bxg5 Qxg5 20. Qxe8+ Rxe8
21. Rxe8+ Kf7 22. Nf3 Qf6 23. Rfe1 Naxc4 24. Nb5 Nd5 25. b3 Nce3 26. R8xe3 Nxe3
27. Rxe3 Qb6 28. Ng5+ Kf8 29. Nxc7 g6 30. Nce6+ Kg8 31. Rc3 1-0

[Event "Volga 2012"]
[Site "?"]
[Date "2013.01.03"]
[Round "2.10"]
[White "Gabunov, Fail."]
[Black "Triapkin, Pavel."]
[Result "0-1"]
[WhiteElo "1826"]
[BlackElo "2305"]
[PlyCount "64"]
[TimeControl "120+1"]

{168MB, fritz9.ctg, E39440001E4846E} 1. d4 Nf6 2. c4 e6 3. Nc3 Bb4 4. Qc2 Nc6
5. Nf3 d5 6. e3 O-O 7. Bd3 Bd6 8. c5 Nb4 9. Qd1 Nxd3+ 10. Qxd3 Be7 11. b4 c6
12. O-O Nd7 13. a4 b6 14. Ba3 a5 15. Qc2 axb4 16. Bxb4 bxc5 17. dxc5 Ba6 18.
Rfd1 e5 19. a5 Rb8 20. Qa4 Qc7 21. Qa3 Bf6 22. Rac1 e4 23. Nd4 Ne5 24. Nxc6
Qxc6 25. Nxd5 Nd3 26. Nxf6+ Qxf6 27. Rxd3 exd3 28. c6 Rfc8 29. c7 Rb7 30. Be7
Rbxc7 31. Rxc7 Rxc7 32. Bxf6 d2 0-1

[Event "Volga 2012"]
[Site "?"]
[Date "2013.01.03"]
[Round "2.11"]
[White "Makarenko, Vladimir."]
[Black "Agapchev, Andrey."]
[Result "0-1"]
[WhiteElo "1958"]
[BlackElo "1648"]
[PlyCount "54"]

1. Nf3 f5 2. g3 Nf6 3. Bg2 g6 4. O-O d6 5. d4 Bg7 6. c4 O-O 7. Nc3 Nc6 8. d5
Ne5 9. Nxe5 dxe5 10. e4 Kh8 11. Qe2 Nd7 12. Bg5 f4 13. d6 cxd6 14. Nd5 Nf6 15.
gxf4 Nxd5 16. exd5 h6 17. Bh4 Rxf4 18. Bg3 Rf5 19. Be4 Rg5 20. h4 Rg4 21. Kh2
Qd7 22. Rad1 Rxh4+ 23. Kg2 Qh3+ 24. Kf3 Bg4+ 25. Ke3 Bxe2 26. Rh1 Rxe4+ 27.
Kxe4 Qg4+ 0-1

[Event "Volga 2012"]
[Site "?"]
[Date "2013.01.03"]
[Round "2.12"]
[White "Anikin, Victor."]
[Black "Logunova, Elizaveta."]
[Result "1-0"]
[WhiteElo "1801"]
[BlackElo "1618"]
[PlyCount "93"]

1. f3 d5 2. e3 Nf6 3. d3 e5 4. Ne2 Bd6 5. c3 O-O 6. b3 c5 7. Na3 Nc6 8. Nc2 Bd7
9. e4 d4 10. c4 a6 11. g4 b5 12. Ng3 bxc4 13. bxc4 Rb8 14. h4 Be7 15. g5 Ne8
16. Bh3 Bxh3 17. Rxh3 f6 18. f4 fxg5 19. fxg5 Nd6 20. Qg4 Qc8 21. Qxc8 Rbxc8
22. Ke2 Rf7 23. Rb1 Rcf8 24. Rh2 Bd8 25. Bd2 Rf3 26. Rg2 Bc7 27. Rb3 a5 28. Ne1
R3f7 29. Bc1 Nb4 30. a3 Nc6 31. h5 g6 32. Rh2 Ne7 33. Rb2 a4 34. Bd2 gxh5 35.
Nxh5 Ng6 36. Nf6+ Kh8 37. Kd1 Bd8 38. Ng4 Nf4 39. Nxe5 Rg7 40. Rb8 Ne6 41. g6
Bf6 42. Rxf8+ Nxf8 43. Bf4 Bxe5 44. Bxe5 Ne8 45. gxh7 Nxh7 46. Bxg7+ Kxg7 47.
Rh5 1-0

[Event "Volga 2012"]
[Site "?"]
[Date "2013.01.03"]
[Round "2.13"]
[White "Pegov, Valery."]
[Black "Golubchikov, Alexey."]
[Result "1-0"]
[WhiteElo "1630"]
[BlackElo "1793"]
[PlyCount "45"]

1. e4 e5 2. Nf3 Nc6 3. Bc4 f5 4. d4 exd4 5. Nxd4 Nxd4 6. Qxd4 fxe4 7. O-O Nf6
8. Nc3 c6 9. Nxe4 d5 10. Nxf6+ Qxf6 11. Re1+ Kf7 12. Bxd5+ cxd5 13. Qxd5+ Be6
14. Qxb7+ Be7 15. Re3 Rhb8 16. Qe4 Bf5 17. Qc4+ Be6 18. Qe2 Bd5 19. Re5 Qd6 20.
Bf4 Qb4 21. Rf5+ Bf6 22. Be5 Rb7 23. Qc4 1-0

[Event "Volga 2012"]
[Site "?"]
[Date "2013.01.04"]
[Round "3.1"]
[White "Saveliev, Dmitry."]
[Black "Ulanov, Alexander."]
[Result "0-1"]
[WhiteElo "2109"]
[BlackElo "2393"]
[PlyCount "108"]

1. e4 c6 2. d4 d5 3. Nc3 dxe4 4. Nxe4 Bf5 5. Ng3 Bg6 6. h4 h6 7. Nf3 e6 8. h5
Bh7 9. Bd3 Bxd3 10. Qxd3 Nf6 11. Bf4 Qa5+ 12. c3 Nbd7 13. Ne5 Nd5 14. Bd2 Nxe5
15. dxe5 Rd8 16. Qe2 Be7 17. Ne4 Nb6 18. Bf4 Qb5 19. Qxb5 cxb5 20. Rd1 O-O 21.
Rxd8 Rxd8 22. Ke2 Nd5 23. Be3 Nxe3 24. Kxe3 f5 25. exf6 gxf6 26. Ke2 f5 27. Nd2
Kf7 28. f4 Bd6 29. g3 Rg8 30. Kf3 e5 31. fxe5 Bxe5 32. Rg1 Rg5 33. g4 fxg4+ 34.
Rxg4 Rxh5 35. Ke4 Bf6 36. Nf3 Rh1 37. Rg2 Ke7 38. Re2 Rh5 39. Rg2 Kf7 40. Rd2
Ke6 41. Rg2 Kf7 42. Rd2 Ke7 43. Rg2 Rc5 44. Rg6 h5 45. Rh6 Kf7 46. Rh7+ Bg7 47.
Nd4 Rg5 48. Nf5 Kg8 49. Rxg7+ Rxg7 50. Nxg7 Kxg7 51. Kf5 Kh6 52. Kf4 Kg6 53.
Kg3 Kg5 54. Kh3 a5 0-1

[Event "Volga 2012"]
[Site "?"]
[Date "2013.01.04"]
[Round "3.2"]
[White "Beldyugin, Alexey."]
[Black "Mirzaev, Aziz."]
[Result "1/2-1/2"]
[WhiteElo "2063"]
[BlackElo "2164"]
[PlyCount "70"]

1. d4 Nf6 2. Nf3 e6 3. g3 b6 4. Bg2 Bb7 5. O-O Be7 6. c4 O-O 7. Nc3 c5 8. b3
cxd4 9. Qxd4 Nc6 10. Qd3 d5 11. cxd5 Nb4 12. Qd2 Nbxd5 13. Nxd5 Bxd5 14. Bb2
Qc7 15. Be5 Qb7 16. Rac1 Rac8 17. Rxc8 Rxc8 18. Rc1 Ne4 19. Rxc8+ Qxc8 20. Qb2
f6 21. Bd4 Bb4 22. a3 Bf8 23. Ne1 e5 24. Be3 Qc6 25. b4 Qc4 26. Qc2 Qxc2 27.
Nxc2 Nc3 28. Bxd5+ Nxd5 29. Bd2 f5 30. Ne3 Nxe3 31. Bxe3 Kf7 32. Kf1 Ke6 33.
Ke1 Kd5 34. Kd2 Kc4 35. Kc2 g6 1/2-1/2

[Event "Volga 2012"]
[Site "?"]
[Date "2013.01.04"]
[Round "3.3"]
[White "Olisov, Andrey."]
[Black "Mironov, Vitalij."]
[Result "0-1"]
[WhiteElo "2158"]
[BlackElo "1883"]
[PlyCount "96"]

1. e4 d6 2. d4 e5 3. Nf3 Bg4 4. dxe5 Bxf3 5. Qxf3 dxe5 6. Bc4 Qf6 7. Qb3 b6 8.
Nc3 c6 9. Nd1 Nd7 10. f3 Bc5 11. a4 Ne7 12. c3 O-O 13. Qc2 a5 14. Ne3 Rfb8 15.
Qe2 Nc8 16. h4 Nd6 17. Bd3 Nf8 18. h5 Qe7 19. Kf1 Ne6 20. g3 Nc7 21. Kg2 b5 22.
Ng4 f6 23. f4 h6 24. fxe5 fxe5 25. Ne3 b4 26. Nf5 Nxf5 27. exf5 bxc3 28. bxc3
Nd5 29. Qe1 Nf6 30. Rh4 Qd6 31. Bc4+ Kh8 32. Qe2 Rd8 33. Rh1 Qc7 34. Re1 e4 35.
Rf1 Bd6 36. g4 Rab8 37. g5 hxg5 38. Bxg5 Bh2 39. Kh1 Be5 40. Rac1 Nh7 41. Bxd8
Qxd8 42. Rc2 Qh4+ 43. Kg1 Ng5 44. Rb2 Rxb2 45. Qxb2 Nf3+ 46. Rxf3 exf3 47. Bf1
Qg3+ 48. Kh1 f2 0-1

[Event "Volga 2012"]
[Site "?"]
[Date "2013.01.04"]
[Round "3.4"]
[White "Dobrocmyslov, Artem."]
[Black "Samborskiy, Vadim."]
[Result "1/2-1/2"]
[WhiteElo "1793"]
[BlackElo "2110"]
[PlyCount "59"]

1. d4 d5 2. Nc3 Nf6 3. Bg5 Ne4 4. Nxe4 dxe4 5. e3 c6 6. Bf4 Nd7 7. Ne2 g5 8.
Bg3 Bg7 9. c4 e5 10. dxe5 Qa5+ 11. Qd2 Qxd2+ 12. Kxd2 Nxe5 13. Bxe5 Bxe5 14.
Nc3 f5 15. h4 g4 16. g3 Be6 17. Be2 a6 18. c5 a5 19. Na4 O-O-O+ 20. Kc2 Kc7 21.
Rhd1 Bf6 22. a3 Rd5 23. Rxd5 Bxd5 24. Nb6 Be6 25. Bc4 Bxc4 26. Nxc4 Be7 27. b4
Ra8 28. Nb6 Rd8 29. Rd1 Rxd1 30. Kxd1 1/2-1/2

[Event "Volga 2012"]
[Site "?"]
[Date "2013.01.04"]
[Round "3.6"]
[White "Triapkin, Pavel."]
[Black "Nikitin, Dmitry."]
[Result "1-0"]
[WhiteElo "2305"]
[BlackElo "1783"]
[PlyCount "36"]

1. e4 c5 2. Nf3 Nc6 3. Nc3 d6 4. d4 cxd4 5. Nxd4 e5 6. Nf5 Bxf5 7. exf5 Qd7 8.
Bc4 Qxf5 9. O-O Nf6 10. Nd5 Nxd5 11. Qxd5 Be7 12. f4 O-O 13. fxe5 Qxe5 14. Rxf7
Rxf7 15. Qxf7+ Kh8 16. Qf4 Qe1+ 17. Qf1 Qb4 18. Qe2 Nd4 1-0

[Event "Volga 2012"]
[Site "?"]
[Date "2013.01.04"]
[Round "3.7"]
[White "Abdurahmanov, Afer."]
[Black "Parshakov, Vladimir."]
[Result "1-0"]
[WhiteElo "1697"]
[BlackElo "1946"]
[PlyCount "96"]

1. g3 d5 2. Bg2 Nf6 3. c4 e6 4. cxd5 exd5 5. Qb3 Be7 6. Nc3 c6 7. Nf3 O-O 8. h3
Nbd7 9. d4 Re8 10. O-O Nf8 11. Ne5 Bd6 12. Nf3 Qc7 13. Bg5 Nh5 14. e3 h6 15.
Bf4 g5 16. Bxd6 Qxd6 17. Ne5 f6 18. Ng4 Kg7 19. e4 dxe4 20. Nxe4 Qc7 21. Nh2 f5
22. Nc3 Ng6 23. d5 Bd7 24. Rfd1 Nf6 25. d6 Qa5 26. Rac1 f4 27. g4 Nh4 28. Bh1
Rab8 29. Re1 Re5 30. Nf3 Nxf3+ 31. Bxf3 Qc5 32. Ne4 Qa5 33. Qc3 Qxc3 34. Nxc3
Rbe8 35. Rxe5 Rxe5 36. Na4 b5 37. Nc5 Be8 38. Nb7 Nd5 39. Rc5 Kf6 40. Nd8 Nb4
41. Rc1 c5 42. Rd1 Bd7 43. a3 Nc2 44. Bc6 Be8 45. d7 Bg6 46. Rd6+ Ke7 47. Rxg6
Ne1 48. Re6+ Kxd8 1-0

[Event "Volga 2012"]
[Site "?"]
[Date "2013.01.04"]
[Round "3.8"]
[White "Agapchev, Andrey."]
[Black "Seyfutdinov, Rustam."]
[Result "0-1"]
[WhiteElo "1648"]
[BlackElo "1893"]
[PlyCount "41"]

1. b3 Nf6 2. Bb2 g6 3. e3 Bg7 4. f4 O-O 5. Nf3 d6 6. Bd3 b6 7. O-O Bb7 8. Nc3
Nbd7 9. Ne2 e5 10. fxe5 dxe5 11. Bc4 Ne4 12. d4 Qe7 13. a4 Nd6 14. Nc3 Nxc4 15.
bxc4 Qb4 16. Ba3 Qxc3 17. Bxf8 Qxe3+ 18. Kh1 Rxf8 19. dxe5 Nxe5 20. Rb1 Nxf3
21. gxf3 0-1

[Event "Volga 2012"]
[Site "?"]
[Date "2013.01.04"]
[Round "3.9"]
[White "Sounov, Batyr."]
[Black "Liadov, Anton."]
[Result "1-0"]
[WhiteElo "1886"]
[BlackElo "1655"]
[PlyCount "61"]
[EventDate "2013.??.??"]

1. e4 e6 2. g3 d5 3. Bg2 dxe4 4. Bxe4 Nf6 5. Bg2 Bc5 6. Ne2 e5 7. O-O e4 8.
Nbc3 Bf5 9. Nf4 c6 10. h3 g5 11. Nh5 Nxh5 12. Qxh5 Bg6 13. Qe2 O-O 14. Nxe4 Qe7
15. Qc4 Nd7 16. d3 h6 17. Bd2 Bxe4 18. Bxe4 Qe5 19. Bg2 a5 20. Bc3 Qxg3 21. d4
Qf4 22. Qb3 Bd6 23. Rfe1 Rfb8 24. Rad1 Qh2+ 25. Kf1 Nf6 26. Rd3 b5 27. a4 b4
28. Bd2 Ra6 29. Rf3 Be7 30. Rxe7 Rf8 31. Rxf6 1-0

[Event "Volga 2012"]
[Site "?"]
[Date "2013.01.04"]
[Round "3.10"]
[White "Lukianov, Alexander."]
[Black "Pegov, Valery."]
[Result "1-0"]
[WhiteElo "1874"]
[BlackElo "1630"]
[PlyCount "77"]

1. e4 d6 2. d4 g6 3. Nc3 Nf6 4. f4 Bg7 5. e5 dxe5 6. fxe5 Nd5 7. Nf3 Nxc3 8.
bxc3 Nc6 9. Bc4 Na5 10. Bd3 Qd5 11. Qe2 Bg4 12. O-O c5 13. Bb5+ Nc6 14. Bc4
Bxf3 15. Rxf3 Nxd4 16. cxd4 Qxd4+ 17. Be3 Qxa1+ 18. Rf1 Qxe5 19. Bxf7+ Kd8 20.
Qf3 Qxe3+ 21. Qxe3 Bd4 22. Rd1 Kc7 23. Rxd4 cxd4 24. Qe5+ Kc6 25. Qd5+ Kc7 26.
Qc5+ Kd7 27. Qxd4+ Kc6 28. Bd5+ Kc7 29. Qc5+ Kd7 30. Bxb7 Rab8 31. Qd5+ Kc7 32.
c4 Rhf8 33. Qc6+ Kd8 34. c5 Rf6 35. Qd5+ Kc7 36. c6 Rbf8 37. h3 Rf5 38. Qd7+
Kb6 39. c7 1-0

[Event "Volga 2012"]
[Site "?"]
[Date "2013.01.04"]
[Round "3.14"]
[White "Kolosov, Anatoly."]
[Black "Gabunov, Fail."]
[Result "0-1"]
[WhiteElo "1912"]
[BlackElo "1826"]
[PlyCount "90"]

1. e4 c6 2. d4 d5 3. exd5 cxd5 4. Nf3 Bg4 5. Be2 Nc6 6. O-O Nf6 7. c3 e6 8.
Nbd2 h6 9. Ne5 Bxe2 10. Qxe2 Rc8 11. Re1 Bd6 12. Nf1 O-O 13. Ng3 Qc7 14. Nh5
Nxh5 15. Qxh5 Qe7 16. f4 Kh7 17. Ng4 f5 18. Ne5 Rf6 19. Be3 Bxe5 20. fxe5 Rg6
21. Rf1 Nd8 22. Kh1 Nf7 23. h4 Rg4 24. Bg5 Nxg5 25. hxg5 Rxg5 26. Qe2 Rg4 27.
Rf3 Qg5 28. Raf1 a6 29. Qf2 Rf8 30. a4 h5 31. a5 Kg6 32. b3 h4 33. c4 dxc4 34.
bxc4 Rh8 35. d5 h3 36. g3 Rh5 37. dxe6 f4 38. gxf4 Qf5 39. Rg1 Rg2 40. e7 Kf7
41. Qf1 Qc2 42. Rf2 Rxf2 43. Rxg7+ Ke8 44. Qe1 Rh2+ 45. Kg1 Rg2+ 0-1